|
|
|
|
| LEADER |
00000cam a2200000 7i4500 |
| 001 |
0000045892 |
| 005 |
20150825.0 |
| 008 |
150221 |
| 020 |
|
|
|a 8190646666
|
| 020 |
|
|
|a 9788190646666
|
| 090 |
0 |
0 |
|a 158.1
|b HIL
|
| 100 |
1 |
|
|a Hill, Napoleon
|
| 245 |
1 |
0 |
|a Succeed and grow rich through persuasion
|c Napoleon Hill
|
| 260 |
|
|
|a India :
|b A & A Publishers ,
|c [s.n]
|
| 650 |
|
0 |
|a Success
|
| 650 |
|
0 |
|a Wealth
|
| 700 |
1 |
|
|a G.G.
|
| 999 |
|
|
|a 0001265859
|b Book
|c Adult Collection
|e Cawangan AEON Kulaijaya
|
| 999 |
|
|
|a 0001265860
|b Book
|c Adult Collection
|e Cawangan Tmn. Ungku Tun Aminah
|
| 999 |
|
|
|a 0001288545
|b Book
|c Adult Collection
|e Cawangan Taman Sri Lambak
|
| 999 |
|
|
|a 0001288546
|b Book
|c Adult Collection
|e Cawangan Bandar Tenggara
|
| 999 |
|
|
|a 0001288550
|b Book
|c Adult Collection
|e Cawangan Segamat
|
| 999 |
|
|
|a 0001288551
|b Book
|c Adult Collection
|e Cawangan Kota Tinggi
|
| 999 |
|
|
|a 0001288552
|b Book
|c Adult Collection
|e Cawangan Bukit Gambir
|
| 999 |
|
|
|a 0001288553
|b Book
|c Adult Collection
|e Cawangan Tangkak
|
| 999 |
|
|
|a 0001288554
|b Book
|c Adult Collection
|e Cawangan Mersing
|
| 999 |
|
|
|a 0001288555
|b Book
|c Adult Collection
|e Cawangan Muar
|
| 999 |
|
|
|a 0001288556
|b Book
|c Adult Collection
|e Cawangan Bandar Penawar
|